[Event "Oberliga Baden 1516"]
[Site "Baden"]
[Date "2016.02.21"]
[Round "7.5"]
[White "Schloetzer, Waldemar"]
[Black "Veys, Vincent"]
[Result "0-1"]
[WhiteElo "2290"]
[BlackElo "2341"]
[PlyCount "76"]
[EventDate "2015.09.20"]
[EventType "team-tourn"]
[EventRounds "9"]
[EventCountry "GER"]
[SourceTitle "EXT 2018"]
[Source "ChessBase"]
[SourceDate "2017.10.13"]
[SourceVersion "1"]
[SourceVersionDate "2017.10.13"]
[SourceQuality "1"]
[WhiteTeam "Buchen"]
[BlackTeam "Baden-Baden III"]
[WhiteTeamCountry "GER"]
[BlackTeamCountry "GER"]

1. d4 d5 2. c4 c6 3. Nf3 Nf6 4. Nc3 dxc4 5. e4 b5 6. e5 Nd5 7. Be2 e6 8. 0-0 Be7 9. a4 0-0 10. Ne4 Bb7 11. b3 cxb3 12. Qxb3 a6 13. Bg5 Nd7 14. Rac1 N5b6 15. Bxe7 Qxe7 16. Nd6 Rab8 17. a5 Nd5 18. Nxb7 Rxb7 19. Rxc6 Nb8 20. Rc2 Rc7 21. Rfc1 Rfc8 22. Nd2 Nc6 23. Qb2 Nxd4 24. Rxc7 Nxe2+ 25. Kf1 Rxc7 26. Kxe2 Nf4+ 27. Kf1 Nd3 28. Rxc7 Qxc7 29. Qd4 Nxe5 30. g3 h6 31. Kg2 Nc4 32. Ne4 Nxa5 33. f3 Nc4 34. g4 a5 35. g5 hxg5 36. Nxg5 Qd6 37. Qh4 Ne3+ 38. Kh3 Qd3 0-1

[Event "Oberliga Baden 1516"]
[Site "Baden"]
[Date "2015.09.20"]
[Round "1.4"]
[White "Schloetzer, Waldemar"]
[Black "Eppinger, Georg"]
[Result "1-0"]
[WhiteElo "2290"]
[BlackElo "2242"]
[PlyCount "57"]
[EventDate "2015.09.20"]
[EventType "team-tourn"]
[EventRounds "9"]
[EventCountry "GER"]
[SourceTitle "EXT 2018"]
[Source "ChessBase"]
[SourceDate "2017.10.13"]
[SourceVersion "1"]
[SourceVersionDate "2017.10.13"]
[SourceQuality "1"]
[WhiteTeam "Buchen"]
[BlackTeam "Dreisamtal"]
[WhiteTeamCountry "GER"]
[BlackTeamCountry "GER"]

1. d4 Nf6 2. c4 c5 3. d5 g6 4. Nc3 Bg7 5. e4 0-0 6. f4 b5 7. cxb5 a6 8. b6 e6 9. Nf3 d6 10. Bc4 exd5 11. Nxd5 Nbd7 12. 0-0 Bb7 13. Nxf6+ Nxf6 14. e5 Ne4 15. Bd5 Qxb6 16. Re1 c4+ 17. Be3 Qb5 18. Bxb7 Qxb7 19. Bd4 Rad8 20. Qc2 dxe5 21. fxe5 Ng5 22. Nxg5 Rxd4 23. e6 f5 24. Rad1 Rg4 25. e7 Re8 26. Rd8 Bd4+ 27. Kh1 Qc6 28. Rxe8+ Qxe8 29. Qxc4+ 1-0

[Event "BL2-Sued 1314"]
[Site "Germany"]
[Date "2013.12.15"]
[Round "4.4"]
[White "Schenderowitsch, Michael"]
[Black "Schloetzer, Waldemar"]
[Result "1-0"]
[WhiteElo "2300"]
[BlackElo "2304"]
[PlyCount "91"]
[EventDate "2013.10.13"]
[EventType "team-tourn"]
[EventRounds "9"]
[EventCountry "GER"]
[SourceTitle "EXT 2015"]
[Source "ChessBase"]
[SourceDate "2014.11.20"]
[SourceVersion "1"]
[SourceVersionDate "2014.11.20"]
[SourceQuality "1"]
[WhiteTeam "Schott Mainz"]
[BlackTeam "Buchen"]
[WhiteTeamCountry "GER"]
[BlackTeamCountry "GER"]

1. d4 d5 2. c4 e6 3. Nc3 Nf6 4. cxd5 exd5 5. Bg5 Be7 6. e3 c6 7. Bd3 0-0 8. Qc2 Nbd7 9. Nge2 Re8 10. h3 Nf8 11. g4 b5 12. 0-0-0 a5 13. Kb1 a4 14. Ng3 Qa5 15. Nce2 b4 16. Qd2 Ne4 17. Nxe4 dxe4 18. Bxe7 Rxe7 19. Bc4 Nd7 20. Rc1 Nb6 21. Nf4 Bd7 22. Rhd1 a3 23. b3 Rc8 24. Bf1 c5 25. dxc5 Rxc5 26. Rxc5 Qxc5 27. Qd4 Qa5 28. Qd6 Re8 29. Qc7 Qe5 30. Qxe5 Rxe5 31. Rd6 g5 32. Nh5 Re6 33. Rd4 Kf8 34. Rxb4 Rd6 35. Kc2 Rc6+ 36. Kd2 Nd5 37. Rd4 Nc3 38. Rxd7 Nb1+ 39. Kd1 Nc3+ 40. Kd2 Nb1+ 41. Kd1 Nc3+ 42. Kc2 Nxa2+ 43. Bc4 Ke8 44. Rb7 Kd8 45. Ng3 Kc8 46. Rb5 1-0

[Event "BL2-Sued 1314"]
[Site "Germany"]
[Date "2013.11.10"]
[Round "2.5"]
[White "Schloetzer, Waldemar"]
[Black "Chabanon, Jean Luc"]
[Result "1/2-1/2"]
[WhiteElo "2307"]
[BlackElo "2488"]
[PlyCount "128"]
[EventDate "2013.10.13"]
[EventType "team-tourn"]
[EventRounds "9"]
[EventCountry "GER"]
[SourceTitle "EXT 2015"]
[Source "ChessBase"]
[SourceDate "2014.11.20"]
[SourceVersion "1"]
[SourceVersionDate "2014.11.20"]
[SourceQuality "1"]
[WhiteTeam "Buchen"]
[BlackTeam "Boeblingen"]
[WhiteTeamCountry "GER"]
[BlackTeamCountry "GER"]

1. d4 Nf6 2. c4 e6 3. g3 c5 4. d5 exd5 5. cxd5 d6 6. Nc3 g6 7. Bg2 Bg7 8. Nf3 0-0 9. 0-0 Re8 10. a4 Na6 11. Nd2 Nb4 12. Nc4 a6 13. Bf4 Bf8 14. e4 Nh5 15. Be3 Bd7 16. a5 Bb5 17. Nxb5 axb5 18. Nb6 Ra6 19. f4 Nf6 20. e5 Nd7 21. Nxd7 Qxd7 22. e6 fxe6 23. dxe6 Qxe6 24. Bd2 Nc6 25. Bc3 Bg7 26. Re1 Bd4+ 27. Kh1 Qf7 28. Rxe8+ Qxe8 29. Qb3+ Kh8 30. Re1 Qd7 31. Qxb5 Bxc3 32. bxc3 Rxa5 33. Bxc6 Qxc6+ 34. Qxc6 bxc6 35. Re6 Ra1+ 36. Kg2 Rd1 37. Kf3 Kg8 38. Ke2 Rh1 39. h4 Rg1 40. Rxd6 Rxg3 41. Rxc6 Rxc3 42. h5 Kg7 43. hxg6 hxg6 44. Kd2 Rf3 45. Rxc5 Rxf4 46. Ke3 Rf1 47. Ke2 Rf6 48. Rg5 Kh6 49. Rg1 g5 50. Rh1+ Kg6 51. Rg1 Rf4 52. Ke3 Kh5 53. Rh1+ Rh4 54. Rg1 Rf4 55. Rh1+ Kg4 56. Rg1+ Kf5 57. Rh1 Ke5 58. Re1 Kf6 59. Rg1 Rf5 60. Rg2 Kg6 61. Rf2 Rxf2 62. Kxf2 Kf5 63. Kf3 g4+ 64. Kg3 Kg5 1/2-1/2

[Event "AUT-chT2W 1112"]
[Site "Austria"]
[Date "2012.03.09"]
[Round "9.3"]
[White "Kleissl, Helmut"]
[Black "Schloetzer, Waldemar"]
[Result "1/2-1/2"]
[WhiteElo "2306"]
[BlackElo "2308"]
[PlyCount "127"]
[EventDate "2011.10.07"]
[EventType "team-tourn"]
[EventRounds "11"]
[EventCountry "AUT"]
[SourceTitle "EXT 2013"]
[Source "ChessBase"]
[SourceDate "2012.11.22"]
[SourceVersion "1"]
[SourceVersionDate "2012.11.22"]
[SourceQuality "1"]
[WhiteTeam "Zillertal"]
[BlackTeam "Goetzis"]
[WhiteTeamCountry "AUT"]
[BlackTeamCountry "AUT"]

1. c4 e6 2. g3 d5 3. Bg2 Nf6 4. Nf3 Be7 5. 0-0 0-0 6. d3 c5 7. Nbd2 Nc6 8. e4 dxe4 9. dxe4 e5 10. h3 Qc7 11. b3 a6 12. Bb2 b5 13. b4 Rd8 14. bxc5 Bxc5 15. Qe2 b4 16. Nb3 Bf8 17. a3 bxa3 18. Bxa3 Rb8 19. Nfd2 a5 20. Bxf8 Kxf8 21. Rfc1 Rb4 22. Qe3 a4 23. Nc5 Qd6 24. Nf3 Nd4 25. Nxa4 Nb3 26. Rd1 Qe7 27. Rxd8+ Qxd8 28. Rb1 Qa5 29. Rxb3 Rxa4 30. Rb5 Qc7 31. Nxe5 Bb7 32. Qc5+ Qxc5 33. Rxc5 Ra1+ 34. Kh2 Bxe4 35. Rc7 Ra2 36. Bxe4 Nxe4 37. Kg1 f6 38. Nd3 Rd2 39. Nf4 Nxf2 40. Ne6+ Kg8 41. Rxg7+ Kh8 42. Rf7 Nxh3+ 43. Kf1 Rf2+ 44. Ke1 h6 45. Nf4 Ng5 46. Rxf6 Rh2 47. Ne6 Ne4 48. Rf8+ Kh7 49. Nd4 Nxg3 50. Rf4 Nh5 51. Re4 Nf6 52. Rf4 Nh5 53. Rf5 Rh4 54. Rd5 Nf6 55. Rd8 Kg6 56. c5 Rh5 57. c6 Rc5 58. Rd6 Kf7 59. Ke2 h5 60. Rd8 Ke7 61. Rh8 Nd5 62. Kd3 Nb4+ 63. Ke4 Nxc6 64. Nxc6+ 1/2-1/2

[Event "BL2-Sued 1112"]
[Site "Germany"]
[Date "2011.11.21"]
[Round "3.5"]
[White "Murdzia, Piotr"]
[Black "Schloetzer, Waldemar"]
[Result "1-0"]
[WhiteElo "2472"]
[BlackElo "2308"]
[PlyCount "65"]
[EventDate "2011.10.02"]
[EventType "team-tourn"]
[EventRounds "9"]
[EventCountry "GER"]
[SourceTitle "EXT 2015"]
[Source "ChessBase"]
[SourceDate "2014.11.20"]
[SourceVersion "1"]
[SourceVersionDate "2014.11.20"]
[SourceQuality "1"]
[WhiteTeam "Griesheim"]
[BlackTeam "Buchen"]
[WhiteTeamCountry "GER"]
[BlackTeamCountry "GER"]

1. d4 d5 2. c4 e6 3. Nc3 Nf6 4. cxd5 exd5 5. Bg5 Be7 6. e3 c6 7. Qc2 Nbd7 8. Bd3 0-0 9. Nge2 Re8 10. 0-0 Nf8 11. f3 Be6 12. Rae1 Rc8 13. Kh1 a6 14. Nf4 c5 15. dxc5 Rxc5 16. Nxe6 fxe6 17. f4 b5 18. Qe2 N6d7 19. Bxe7 Qxe7 20. a3 Nf6 21. Bb1 Rec8 22. Qd2 N8d7 23. e4 Nxe4 24. Nxe4 dxe4 25. Rxe4 Nf6 26. Re3 Nd5 27. Re2 Qc7 28. Rxe6 Nxf4 29. Ree1 Ng6 30. h3 Ne5 31. Qe2 Kh8 32. b4 Rd5 33. Qe4 1-0

[Event "AUT-chT2W 1112"]
[Site "Austria"]
[Date "2011.11.06"]
[Round "6.2"]
[White "Schloetzer, Waldemar"]
[Black "Neuschmied, Siegfried"]
[Result "1-0"]
[WhiteElo "2308"]
[BlackElo "2327"]
[PlyCount "53"]
[EventDate "2011.10.07"]
[EventType "team-tourn"]
[EventRounds "11"]
[EventCountry "AUT"]
[SourceTitle "EXT 2012"]
[Source "ChessBase"]
[SourceDate "2011.11.24"]
[SourceVersion "1"]
[SourceVersionDate "2011.11.24"]
[SourceQuality "1"]
[WhiteTeam "Goetzis"]
[BlackTeam "Kufstein/Woergl"]
[WhiteTeamCountry "AUT"]
[BlackTeamCountry "AUT"]

1. d4 Nf6 2. c4 c5 3. dxc5 Qa5+ 4. Nd2 Qxc5 5. g3 Nc6 6. Ngf3 d5 7. Bg2 dxc4 8. 0-0 Bd7 9. b3 c3 10. Nc4 Rc8 11. a4 g6 12. e4 Bg4 13. e5 Nd5 14. Ba3 Ndb4 15. h3 Be6 16. Rc1 Rd8 17. Qe1 c2 18. Ng5 a5 19. Nxe6 fxe6 20. Bxc6+ bxc6 21. Nxa5 Qxa5 22. Bxb4 Qd5 23. Qc3 Bg7 24. Rfe1 0-0 25. Bxe7 Rf3 26. Qxc2 Rd7 27. Red1 1-0

[Event "AUT-chT2W 1112"]
[Site "Austria"]
[Date "2011.11.04"]
[Round "4.3"]
[White "Dovzik, Juri"]
[Black "Schloetzer, Waldemar"]
[Result "1-0"]
[WhiteElo "2341"]
[BlackElo "2308"]
[PlyCount "95"]
[EventDate "2011.10.07"]
[EventType "team-tourn"]
[EventRounds "11"]
[EventCountry "AUT"]
[SourceTitle "EXT 2012"]
[Source "ChessBase"]
[SourceDate "2011.11.24"]
[SourceVersion "1"]
[SourceVersionDate "2011.11.24"]
[SourceQuality "1"]
[WhiteTeam "Ranshofen"]
[BlackTeam "Goetzis"]
[WhiteTeamCountry "AUT"]
[BlackTeamCountry "AUT"]

1. Nf3 Nf6 2. d4 d6 3. c4 g6 4. g3 Bg7 5. Bg2 0-0 6. 0-0 Nc6 7. Nc3 a6 8. b3 Rb8 9. Nd5 e6 10. Nxf6+ Qxf6 11. Bb2 e5 12. d5 Na7 13. Rc1 Qe7 14. Qc2 b6 15. Nd2 Bd7 16. e3 Rbc8 17. Rcd1 f5 18. f4 Rce8 19. Nf3 Nc8 20. Rfe1 h6 21. h4 Bf6 22. Bh3 Qg7 23. Rd2 g5 24. hxg5 hxg5 25. fxg5 Bxg5 26. Nxg5 Qxg5 27. e4 Ne7 28. Bc1 Rf7 29. Rh2 Qg6 30. Rf1 Ref8 31. Qe2 Rg7 32. Kh1 Qxg3 33. Bh6 Rff7 34. Bxg7 Rxg7 35. Qf2 Qd3 36. Re1 b5 37. Qe3 bxc4 38. bxc4 Qxc4 39. Rc1 Qa4 40. Rg2 Rxg2 41. Bxg2 f4 42. Qf2 c6 43. Qh4 Kf7 44. Qh5+ Kf6 45. Bf3 cxd5 46. Qh8+ Ke6 47. Bg4+ Kf7 48. Bh5+ 1-0

[Event "BL2-Sued 1112"]
[Site "Germany"]
[Date "2011.10.23"]
[Round "2.7"]
[White "Schloetzer, Waldemar"]
[Black "Ortmann, David"]
[Result "1-0"]
[WhiteElo "2308"]
[BlackElo "2355"]
[PlyCount "69"]
[EventDate "2011.10.02"]
[EventType "team-tourn"]
[EventRounds "9"]
[EventCountry "GER"]
[SourceTitle "EXT 2015"]
[Source "ChessBase"]
[SourceDate "2014.11.20"]
[SourceVersion "1"]
[SourceVersionDate "2014.11.20"]
[SourceQuality "1"]
[WhiteTeam "Buchen"]
[BlackTeam "Boeblingen"]
[WhiteTeamCountry "GER"]
[BlackTeamCountry "GER"]

1. d4 d5 2. c4 c6 3. Nf3 Nf6 4. e3 Bg4 5. Nc3 e6 6. h3 Bh5 7. Bd2 Nbd7 8. b3 Ne4 9. Qc2 Bxf3 10. gxf3 Nxd2 11. Qxd2 Bb4 12. Bd3 Qa5 13. Rc1 dxc4 14. Bxc4 Rc8 15. 0-0 0-0 16. Qc2 Qh5 17. Kg2 c5 18. dxc5 Bxc3 19. Qxc3 Rxc5 20. f4 Qh4 21. Qd4 Rh5 22. Rh1 Nf6 23. Be2 Rd5 24. Qb4 e5 25. Bf3 a5 26. Qc3 e4 27. Be2 Rfd8 28. Rhd1 h6 29. Rxd5 Rxd5 30. Rc2 b6 31. Qc6 g6 32. Qxb6 Kg7 33. Rc7 Rd2 34. Qe6 Nd7 35. Rxd7 1-0

[Event "Staufer op 23rd"]
[Site "Leinzell"]
[Date "2011.01.05"]
[Round "7"]
[White "Schloetzer, Waldemar"]
[Black "Rau, Hannes"]
[Result "1-0"]
[WhiteElo "2287"]
[BlackElo "2449"]
[PlyCount "49"]
[EventDate "2011.01.02"]
[EventType "swiss"]
[EventRounds "9"]
[EventCountry "GER"]
[SourceTitle "CBM 140 Extra"]
[Source "ChessBase"]
[SourceDate "2011.03.01"]
[SourceVersion "1"]
[SourceVersionDate "2011.03.01"]
[SourceQuality "1"]

1. d4 Nf6 2. c4 e6 3. g3 c5 4. d5 exd5 5. cxd5 b5 6. e4 Nxe4 7. Qe2 Qe7 8. Bg2 Nd6 9. Be3 Na6 10. Nh3 g6 11. Nc3 Rb8 12. a4 bxa4 13. Rxa4 Bg7 14. 0-0 Rb6 15. Ne4 0-0 16. Bg5 Qe5 17. Bf4 Qe8 18. Re1 Rxb2 19. Qe3 Nxe4 20. Rxe4 Qd8 21. Re8 Qb6 22. Rxf8+ Bxf8 23. Qe8 Rb1 24. Rxb1 Qxb1+ 25. Bf1 1-0

[Event "Staufer op 23rd"]
[Site "Leinzell"]
[Date "2011.01.02"]
[Round "1"]
[White "Schloetzer, Waldemar"]
[Black "Kowalski, Hans Michael"]
[Result "1-0"]
[WhiteElo "2287"]
[BlackElo "1856"]
[PlyCount "63"]
[EventDate "2011.01.02"]
[EventType "swiss"]
[EventRounds "9"]
[EventCountry "GER"]
[SourceTitle "CBM 140 Extra"]
[Source "ChessBase"]
[SourceDate "2011.03.01"]
[SourceVersion "1"]
[SourceVersionDate "2011.03.01"]
[SourceQuality "1"]

1. d4 d5 2. c4 c6 3. Nf3 Bf5 4. e3 e6 5. Nc3 Nf6 6. Nh4 Bg6 7. Nxg6 hxg6 8. Bd2 Bd6 9. g3 Nbd7 10. Qb3 Qb8 11. Bg2 dxc4 12. Qxc4 Nb6 13. Qb3 Qc7 14. a4 Ng4 15. Rc1 Qe7 16. Ne4 Rb8 17. a5 Nd5 18. Nxd6+ Qxd6 19. h3 Nh6 20. e4 Ne7 21. Bf4 Qd8 22. Bxb8 Qxb8 23. 0-0 0-0 24. Qb4 Re8 25. Rfe1 g5 26. d5 e5 27. d6 Ng6 28. a6 Rd8 29. axb7 Rd7 30. Rxc6 Rxb7 31. Qc5 Rb5 32. Rc8+ 1-0

[Event "AUT-chT2W 1011"]
[Site "Austria"]
[Date "2010.10.16"]
[Round "2.2"]
[White "Schloetzer, Waldemar"]
[Black "Novkovic, Milan"]
[Result "1-0"]
[WhiteElo "2282"]
[BlackElo "2386"]
[PlyCount "81"]
[EventDate "2010.10.15"]
[EventType "team-tourn"]
[EventRounds "11"]
[EventCountry "AUT"]
[SourceTitle "EXT 2011"]
[Source "ChessBase"]
[SourceDate "2010.11.26"]
[SourceVersion "1"]
[SourceVersionDate "2010.11.26"]
[SourceQuality "1"]
[WhiteTeam "Goetzis"]
[BlackTeam "Dornbirn"]
[WhiteTeamCountry "AUT"]
[BlackTeamCountry "AUT"]

1. d4 Nf6 2. c4 e6 3. g3 Bb4+ 4. Bd2 Qe7 5. Bg2 Nc6 6. Nf3 Bxd2+ 7. Nbxd2 d6 8. 0-0 e5 9. d5 Nb8 10. e4 0-0 11. Ne1 a5 12. Nd3 Na6 13. f4 Nd7 14. f5 f6 15. a3 Ndc5 16. Nxc5 dxc5 17. Nf3 Bd7 18. g4 b5 19. cxb5 Bxb5 20. Rf2 Rfb8 21. Rc1 a4 22. g5 fxg5 23. Qd2 h6 24. Rc3 c4 25. Bf1 g4 26. Ne1 Nc5 27. Bxc4 Bxc4 28. Rxc4 Nb3 29. Qc3 Nd4 30. Rxc7 Qg5 31. f6 gxf6 32. d6 Kh8 33. d7 Rg8 34. Rc8 Nf3+ 35. Kf1 Kh7 36. Rxa8 Rxa8 37. d8Q Rxd8 38. Qc7+ Kg6 39. Qxd8 Qe3 40. Nxf3 gxf3 41. Qd1 1-0

[Event "Dresden ZMD op"]
[Site "Dresden"]
[Date "2010.07.18"]
[Round "9"]
[White "Schloetzer, Waldemar"]
[Black "Kovalev, Andrei"]
[Result "0-1"]
[WhiteElo "2282"]
[BlackElo "2521"]
[PlyCount "84"]
[EventDate "2010.07.10"]
[EventType "swiss"]
[EventRounds "9"]
[EventCountry "GER"]
[SourceTitle "CBM 137 Extra"]
[Source "ChessBase"]
[SourceDate "2010.09.01"]
[SourceVersion "1"]
[SourceVersionDate "2010.09.01"]
[SourceQuality "1"]

1. d4 Nf6 2. c4 g6 3. Nc3 Bg7 4. e4 d6 5. Nf3 0-0 6. Be2 Nbd7 7. 0-0 e5 8. Be3 c6 9. d5 c5 10. Nd2 Ne8 11. g4 Bf6 12. Kh1 Bg5 13. Nf3 Bxe3 14. fxe3 h6 15. Rg1 Ndf6 16. h3 h5 17. gxh5 Nxh5 18. Ng5 Nhf6 19. Qe1 Nh7 20. h4 Nxg5 21. Rxg5 Nf6 22. Rg2 Kg7 23. Qg3 Rh8 24. Kg1 Nh5 25. Bxh5 Rxh5 26. Rf1 Qxh4 27. Nb5 Qxg3 28. Rxg3 Bh3 29. Rff3 Rah8 30. Nxd6 f6 31. Nxb7 Bc8 32. Nxc5 Rh1+ 33. Kf2 Rc1 34. Rg2 Rc2+ 35. Kg1 Rc1+ 36. Kf2 Rxc4 37. Nd3 Rxe4 38. Rfg3 g5 39. Kf3 Bf5 40. Rc2 Ra4 41. Rc7+ Kg6 42. Nc1 Rh2 0-1

[Event "Dresden ZMD op"]
[Site "Dresden"]
[Date "2010.07.12"]
[Round "3"]
[White "Schloetzer, Waldemar"]
[Black "Eilers, Jochen"]
[Result "1-0"]
[WhiteElo "2282"]
[BlackElo "2002"]
[PlyCount "83"]
[EventDate "2010.07.10"]
[EventType "swiss"]
[EventRounds "9"]
[EventCountry "GER"]
[SourceTitle "CBM 137 Extra"]
[Source "ChessBase"]
[SourceDate "2010.09.01"]
[SourceVersion "1"]
[SourceVersionDate "2010.09.01"]
[SourceQuality "1"]

1. d4 Nf6 2. c4 g6 3. Nc3 d6 4. e4 Bg7 5. Nf3 0-0 6. Be2 c5 7. 0-0 Nc6 8. d5 Na5 9. Ne1 a6 10. Bd2 e6 11. a3 exd5 12. exd5 Qc7 13. g3 Bd7 14. Ng2 Rab8 15. Ne3 b5 16. cxb5 Bxb5 17. b4 Bxe2 18. Nxe2 Ne4 19. Rb1 Nxd2 20. Qxd2 cxb4 21. Rfc1 Qe7 22. axb4 Nb7 23. Nd4 Bxd4 24. Qxd4 f5 25. Ra1 f4 26. gxf4 a5 27. Re1 axb4 28. Nf5 Qf6 29. Ne7+ Kg7 30. Qxf6+ Rxf6 31. Nc6 Rbf8 32. Re7+ R6f7 33. Ra7 Nc5 34. Nxb4 Rxe7 35. Rxe7+ Kh6 36. Nc2 Rxf4 37. Ne3 Re4 38. Rf7 Ra4 39. Kg2 Re4 40. Kg3 Ra4 41. Ng4+ Kg5 42. h4+ 1-0

[Event "GER-ch 81st"]
[Site "Bad Liebenzell"]
[Date "2010.03.13"]
[Round "9"]
[White "Schloetzer, Waldemar"]
[Black "Natsidis, Christoph"]
[Result "0-1"]
[WhiteElo "2293"]
[BlackElo "2270"]
[PlyCount "100"]
[EventDate "2010.03.05"]
[EventType "swiss"]
[EventRounds "9"]
[EventCountry "GER"]
[SourceTitle "CBM 135 Extra"]
[Source "ChessBase"]
[SourceDate "2010.05.04"]
[SourceVersion "1"]
[SourceVersionDate "2010.05.04"]
[SourceQuality "1"]

1. d4 Nf6 2. c4 e6 3. Nc3 Bb4 4. Qc2 d5 5. cxd5 exd5 6. Bg5 c5 7. Nf3 h6 8. Bxf6 Qxf6 9. dxc5 0-0 10. e3 Bf5 11. Bd3 Bxc3+ 12. bxc3 Bg4 13. Nd4 Nd7 14. Bf5 Bxf5 15. Qxf5 Qxf5 16. Nxf5 Nxc5 17. Ne7+ Kh8 18. Nxd5 Rfd8 19. 0-0-0 Rac8 20. Kc2 Na4 21. Rd4 b5 22. Rhd1 Rc5 23. R1d3 Rdc8 24. e4 g6 25. f4 h5 26. h3 Kg7 27. f5 a5 28. a3 Re8 29. Rg3 Kh6 30. h4 Rc6 31. f6 Nc5 32. Re3 Re5 33. Ne7 Rce6 34. Rd8 Kh7 35. Nd5 g5 36. Rf8 Rxd5 37. Rxf7+ Kg6 38. exd5 Rxe3 39. Rc7 Ne4 40. hxg5 Nxg5 41. d6 Kxf6 42. Rc8 Ne6 43. Rh8 Re5 44. g3 Nc5 45. c4 bxc4 46. Kc3 Ke6 47. Kxc4 Kxd6 48. Rh6+ Ne6 49. Rg6 Rc5+ 50. Kd3 Rg5 0-1

[Event "GER-ch 81st"]
[Site "Bad Liebenzell"]
[Date "2010.03.07"]
[Round "3"]
[White "Meister, Peter"]
[Black "Schloetzer, Waldemar"]
[Result "1-0"]
[WhiteElo "2407"]
[BlackElo "2293"]
[PlyCount "53"]
[EventDate "2010.03.05"]
[EventType "swiss"]
[EventRounds "9"]
[EventCountry "GER"]
[SourceTitle "CBM 135 Extra"]
[Source "ChessBase"]
[SourceDate "2010.05.04"]
[SourceVersion "1"]
[SourceVersionDate "2010.05.04"]
[SourceQuality "1"]

1. d4 d5 2. c4 c6 3. Nf3 Nf6 4. Nc3 e6 5. e3 Nbd7 6. b3 Bd6 7. Bd3 0-0 8. Bb2 Re8 9. Qc2 dxc4 10. bxc4 e5 11. 0-0 exd4 12. exd4 Nf8 13. h3 Ng6 14. Rfe1 Nf4 15. Rxe8+ Qxe8 16. Re1 Qf8 17. Bf1 g6 18. Ne4 Nxe4 19. Qxe4 Bd7 20. d5 f6 21. Qd4 cxd5 22. c5 Bc7 23. g3 Nxh3+ 24. Kh2 Qh6 25. Qxd5+ Kf8 26. Qxd7 Nxf2+ 27. Kg2 1-0